000
00378nam a2200133Ia 4500
008
151001s9999||||xx |||||||||||||| ||und||
100
_a
नर्मदा इंदूरखा
245
_a
युनामी वीर
250
_a
1
260
_b
नर्मदा पुस्तक प्रकाशन
260
_c
2007
300
_a
16
365
_b
21
999
_c
990300
_d
990297